000 00324nam a2200097Ia 4500
008 220120s9999||||xx |||||||||||||| ||und||
100 _aArchana, Gautham, Lahari and Vishnu Prasad
_912737
245 0 _aRaspberry pi based smart tool collection system
260 _aCoorg Institute of Technology
_bPonnampet
650 _aMECHANICAL
999 _c138337
_d138337